000 01088nam a22002895i 4500
001 153733
003 ES-MaACL
005 20250827062628.0
008 990512m18861887sp l |||| | spa d
040 _aM-RACM
_bspa
_cM-RACM
_dCCPB | B
110 1 _aEspaña
_93622
240 1 0 _aLeyes, etc., hipotecarias
245 1 0 _aLegislación hipotecaria española /
_ccon un prólogo de Don Bienvenido Oliver y Esteller.
260 _aMadrid :
_b[s.n.],
_c1886-1887 (
_fEstablecimiento Tipográfico de Pedro Nuñez)
300 _a3 v. ;
_c18 cm.
490 1 _aBiblioteca judicial ;
_v32, 36, 37
510 4 _aPALAU,
_c200747
597 1 _aAntep.
597 _avol. I (XXXII, 240 p.) -- vol. II (272 p.) -- vol. III (295 p.)
650 4 _aHipotecas-
_zEspaña-
_vLegislación.
_913366
651 0 _aEspaña-
_xLegislación-
_yS. XIX
_9222256
700 1 _aOliver y Esteller, Bienvenido,
_epr.
_9130627
752 _aEspaña -
_dMadrid
830 0 _aBiblioteca judicial ;
_v32, 36, 37
_9181856
852 _aES-MaACL
_jB-6644-6646
_z-- Enc. pasta
999 _c153733
_d153733